| 000 | 00474nab a2200145Ia 4500 | ||
|---|---|---|---|
| 003 | ES-SlBCS | ||
| 005 | 20211119011007.0 | ||
| 008 | 140529s1964 xxu||||| |||| 00| 0 ita d | ||
| 041 | _aita | ||
| 100 | 1 |
_aBerti, Enrico _922748 |
|
| 245 | 0 | 0 |
_aUna nuova ricostruzione delle dottrine non scritte di Platone _c Enrico Berti |
| 600 | 0 | 4 |
_aPlatón-Doctrinas no Escritas _9175316 |
| 773 | 0 |
_tGiornali di Metafisica _gvol. 19, nº. 4-5, 1964, págs. 546-557 _w0017-0372 |
|
| 942 | _cAR | ||
| 999 |
_c586956 _d586956 |
||